The tracker (Record no. 82249)
[ view plain ]
| 000 -LEADER | |
|---|---|
| fixed length control field | 00680cam a22001815a 4500 |
| 001 - CONTROL NUMBER | |
| control field | L149677 |
| 008 - FIXED-LENGTH DATA ELEMENTS--GENERAL INFORMATION | |
| fixed length control field | 100407e20100212xxk f 000 0 eng d |
| 035 ## - SYSTEM CONTROL NUMBER | |
| System control number | (Sirsi) u149677 |
| 041 0# - LANGUAGE CODE | |
| Language code of text/sound track or separate title | eng |
| 110 1# - MAIN ENTRY--CORPORATE NAME | |
| Corporate name or jurisdiction name as entry element | Experian Business Strategies |
| 9 (RLIN) | 4789 |
| 245 04 - TITLE STATEMENT | |
| Title | The tracker |
| Remainder of title | one step at a time |
| 260 ## - PUBLICATION, DISTRIBUTION, ETC. | |
| Date of publication, distribution, etc. | 2010 |
| 490 ## - SERIES STATEMENT | |
| Series statement | Building |
| Volume/sequential designation | 275 (8620, 10) 12 March 2010, 54-55(2) |
| 520 ## - SUMMARY, ETC. | |
| Summary, etc. | Report on construction activity in January 2010 including the state of play; leading activity indicator; labour costs and regional perspective. Taken from Experian Business Strategies' forecasts and service. |
| 590 ## - LOCAL NOTE (RLIN) | |
| Local note | KA |
| 690 ## - LOCAL SUBJECT ADDED ENTRY--TOPICAL TERM (OCLC, RLIN) | |
| Topical term or geographic name as entry element | BUILT ENVIRONMENT-CONSTRUCTION MARKET |
| 942 ## - ADDED ENTRY ELEMENTS (KOHA) | |
| Suppress in OPAC | 0 |
| Withdrawn status | Lost status | Source of classification or shelving scheme | Damaged status | Not for loan | Home library | Current library | Shelving location | Date acquired | Total Checkouts | Full call number | Barcode | Date last seen | Copy number | Price effective from | Koha item type |
|---|---|---|---|---|---|---|---|---|---|---|---|---|---|---|---|
| Dewey Decimal Classification | London | London | Journal article | 07/04/2010 | L149677 | 149677-1001 | 06/08/2019 | 1 | 06/08/2019 | Journal article |